000 00596cam a2200217 4500
001 J1596
008 090401t1993 xxu||||| |||| 00| 0 eng d
035 _a(Sirsi) u44384
041 _aeng
050 _a332.6324
110 _aInvestment Property Forum
_92112
245 _aReport & accounts 1992-93.
260 _aLondon
_bInvestment Property Forum
_c1993
300 _a12p. ; 30cm.
350 _a0
650 _aANNUAL REPORTS
650 _aPROPERTY INVESTMENT
690 _aPROPERTY-COMMERCIAL PROPERTY-COMMERCIAL PROPERTY FINANCE AND INVESTMENT
942 _n0
948 _c04/03/1997
999 _c91508
_d91508